Algorithms of the intelligent Web (Record no. 191569)

MARC details
000 -LEADER
fixed length control field 00388nam a2200145Ia 4500
005 - DATE AND TIME OF LATEST TRANSACTION
control field 20250519150720.0
008 - FIXED-LENGTH DATA ELEMENTS--GENERAL INFORMATION
fixed length control field 231217s9999 xx 000 0 und d
020 ## - INTERNATIONAL STANDARD BOOK NUMBER
International Standard Book Number 9781933988665
100 ## - MAIN ENTRY--PERSONAL NAME
Personal name Marmanis, Haralambos. Babenko, Dmitry.
245 #0 - TITLE STATEMENT
Title Algorithms of the intelligent Web
260 ## - PUBLICATION, DISTRIBUTION, ETC. (IMPRINT)
Date of publication, distribution, etc. 2009
Name of publisher, distributor, etc. Manning
Place of publication, distribution, etc. Greenwich
300 ## - PHYSICAL DESCRIPTION
Extent xxii, 345
650 ## - SUBJECT ADDED ENTRY--TOPICAL TERM
Topical term or geographic name as entry element intelligent
942 ## - ADDED ENTRY ELEMENTS (KOHA)
Koha item type Books
Holdings
Date last seen Total Checkouts Accession number Old discount Uniform Resource Identifier Cost, replacement price Price effective from Category Lost status Damaged status Department Withdrawn status bill no. bill date Permanent Location Current Location Shelving location Entry date Vendor Cost, normal purchase price Grants Currency symbol Conversion rate Discount Discount type
26/01/2024   77161   digital/contents/80511.pdf 1714.00 26/01/2024 Books     Central Library   1014445 29/10/2015 Central Library Central Library Central Library 11/02/2011 Flipkart.com 1714.00 CS/PG RS 1   Rupees
26/01/2024   77162   digital/contents/80511.pdf 1714.00 26/01/2024 Books     Central Library   1014445 09/10/2015 Central Library Central Library Central Library 11/02/2011 Flipkart.com 1714.00 CS/PG RS 1   Rupees

© For any Suggestions or Query, please contact the library staff @ librarian@pes.edu or Phone: +9180 2672 1983/ 2108.